000 00449nam a22001817a 4500
005 20251108170952.0
008 250721s9999 xx 000 0 ara d
082 1 4 _aط/598.9/روب
100 1 _aروبن، ماري
245 1 0 _aالصقر /
264 _bميدليفانت،
_c[19-].
300 _a23ص
490 0 _aزدني قربا
650 1 7 _aالصقور
650 1 7 _aأدب الأطفال
942 _2ddc
_cBK
999 _c53295
_d53295